Ganado vacuno /

Guardado en:
Autor Principal: García Fierro, Benito Fdez
Formato: Libro
Publicado: Barcelona : Salvat, 1956
Series:Colección Agrícola Salvat
Materias:
Etiquetas: Agregar Etiqueta
Sin Etiquetas, Sea el primero en etiquetar este registro!
LEADER 00834nam a22002655a 4500
001 CEM.cems015886
008 130507s1956##################000#0#####d
005 20210825184802.0
003 CEMS
245 1 0 |a Ganado vacuno /  |c Benito Fdez García Fierro, 
260 |a Barcelona :  |b Salvat,  |c 1956 
300 |a 800 p. 
490 1 |a Colección Agrícola Salvat 
505 0 |a Fundamentos de explotación -- Mejora del ganado vacuno 
100 1 |a García Fierro, Benito Fdez 
082 0 4 |a 636.2 
653 |a Bovinos 
653 |a Bovinos-reproducción 
653 |a Ganadería 
653 |a Bóvidos y prehistoria 
653 |a Bovinos-alimentación 
653 |a Bovinos-medio ambiente natural y artificial 
653 |a Bovinos-reproducción 
653 |a Bovinos-genética 
859 |a CEMS  |b BIB. CEMS - Agricultura  |h 636.2  |i G165  |p A4992.76  |t Ej.1